| 000 | 00730ngm a22003010a 4500 | ||
|---|---|---|---|
| 001 | PT13926 | ||
| 003 | AR-LpoUNG | ||
| 005 | 20210202000429.0 | ||
| 007 | vd cvaizq | ||
| 008 | 191001s2002||||ag |||||||||||||||||spa d | ||
| 037 | _c$4.96 | ||
| 040 |
_aAR-LpoUNG _bspa _cAR-LpoUNG _eaacr |
||
| 041 | _aspa | ||
| 044 | _aag | ||
| 082 | 0 | _a302.5 186hij | |
| 100 | 1 |
_aCampanella, Juan José _edir. |
|
| 245 | 1 | 3 | _aEl hijo de la novia |
| 260 |
_aSan Luis : _bAVH, _c2002. |
||
| 300 | _aVHS (123 min.) : son., col. | ||
| 650 | 4 | _aDESINTEGRACION DE LA FAMILIA | |
| 650 | 4 | _aFAMILIA | |
| 650 | 4 | _aMEDIO FAMILIAR | |
| 650 | 4 | _aSOCIEDAD | |
| 653 | _aCINE ARGENTINO | ||
| 653 | _aVIDEOS | ||
| 905 | _a13926 | ||
| 942 | _cVIDEO | ||
| 999 |
_c54832 _d54832 |
||